Normal view
MARC view
- Big data
Entry Topical Term
001 - CONTROL NUMBER
- control field: 94842
003 - CONTROL NUMBER IDENTIFIER
- control field: NUST
005 - DATE AND TIME OF LATEST TRANSACTION
- control field: 20220725095448.0
008 - FIXED-LENGTH DATA ELEMENTS
- fixed length control field: 220725|| aca||aabn | a|a d
040 ## - CATALOGING SOURCE
- Original cataloging agency: NUST
- Transcribing agency: NUST
150 ## - HEADING--TOPICAL TERM
- Topical term or geographic name entry element: Big data
- General subdivision: Programmed instruction
670 ## - SOURCE DATA FOUND
- Source citation: Work cat.: (NUST)0: Raheem, Nasir, author. 94841, Big data :
